Nhiệt học
Trình bày cấu tạo phân tử của vật chất, khí lí tưởng, thuyết động học chất khí, khí thực, định luật thứ nhất và định luật thứ hai của nhiệt động lực học, chất rắn và chất lỏng, phần đáp số-trả lời và một số mục từ tra cứu...
Sparad:
| Huvudupphovsman: | |
|---|---|
| Materialtyp: | Bok |
| Språk: | Vietnamese |
| Publicerad: |
H.
Đại học Sư phạm
2007
|
| Ämnen: | |
| Taggar: |
Lägg till en tagg
Inga taggar, Lägg till första taggen!
|
| Thư viện lưu trữ: | Mạng thư viện Đại học Đà Nẵng |
|---|
| LEADER | 01386nam a2200337 4500 | ||
|---|---|---|---|
| 001 | 000025165 | ||
| 003 | 21657 | ||
| 005 | 20170522080549.0 | ||
| 008 | 170522s2007 viesd | ||
| 020 | |c 43000 | ||
| 041 | 0 | |a vie | |
| 082 | 1 | 4 | |a 536 |b BU-T |
| 100 | 1 | |a Bùi Trọng Tuấn | |
| 245 | 1 | 0 | |a Nhiệt học |c Bùi Trọng Tuấn |
| 260 | |a H. |b Đại học Sư phạm |c 2007 | ||
| 300 | |a 304 tr. |b hình vẽ |c 24 cm. | ||
| 500 | |a ĐTTS ghi: Bộ Giáo dục và Đào tạo. Dự án Đào tạo Giáo viên THCS | ||
| 520 | 3 | |a Trình bày cấu tạo phân tử của vật chất, khí lí tưởng, thuyết động học chất khí, khí thực, định luật thứ nhất và định luật thứ hai của nhiệt động lực học, chất rắn và chất lỏng, phần đáp số-trả lời và một số mục từ tra cứu | |
| 650 | 0 | 4 | |a Nhiệt học |
| 653 | |a Nhiệt học | ||
| 653 | |a giáo trình | ||
| OWN | |a LSP | ||
| AVA | |a UDN50 |b LSP |d 536 BU-T |e check_holdings |t Error 5003 Not defined in file expand_doc_bib_avail. |h N |k 1 | ||
| 999 | |a From the UDN01 | ||
| AVA | |a UDN50 |b LSP |d 536 BU-T |e available |t Error 5001 Not defined in file expand_doc_bib_avail. |f 20 |g 1 |h N |i 30 |k 1 | ||
| TYP | |a Monograph | ||
| TYP | |a Printed language | ||
| 980 | |a Mạng thư viện Đại học Đà Nẵng | ||